000 01030nas a2200289 4500
001 BR9210568
003 BR-BrBNA
005 20231205093408.0
007 ta
008 230509b bl.|||p| |||| 00| 00por d
040 _aBR-BrBNA
_bpor
_cBiblioteca Nacional de Agricultura
041 _a(Pt)
072 _aL74
100 1 _aOrtolani, E.L.
100 1 _aBenesi, F.J.
245 1 _aOcorrencia de toxemia da prenhez em cabras (Capra hircus, L.)e ovelhas (Ovis aries, L.)criadas no estado de Sao Paulo, Brasil
246 1 _aPregnancy toxaemia in goats (Capra hircus, L.)and ewea (Ovis aries, L.)reared in the state of Sao Paulo, Brazil
650 _aCABRA
650 _aOVELHA
650 _aCETOSE
650 _aPRENHEZ
650 _aDISTURBIO FISIOLOGICO
650 _aSAO PAULO
773 0 _tRevista da Faculdade de Medicina Veterinaria e Zootecnia da Universidade de Sao Paulo (Brazil)
_xISSN 0303-7525
_g(1989), v. 26(2) p. 229-234
_wBR9210568
909 _a202311
_bLúcia
_c55
_dLúcia Elande
942 _2AGRIS
_n0
_cANA
999 _c138049
_d138049